000 01377nam a2200265 i 4500
001 82054
003 ES-MaACL
005 20231227150220.0
007 t|
008 041116s1892 sp |||| | spa d
100 1 _aVilanova y Piera, Juan,
_d1821-1893
_9114785
245 1 0 _aProtohistoria americana /
_cconferencia de Juan Vilanova, pronunciada el 21 de abril de 1891.
260 _aMadrid :
_b[s.n.],
_c1892 (
_fSucesores de Rivadeneyra)
300 _a59 p. ;
_c25 cm.
500 _aForma parte de: "El continente americano : conferencias dadas en el Ateneo Científico, Literario y Artístico de Madrid con motivo del Cuarto Centenario del Descubrimiento de América". Madrid, 1894, tít. que agrupa todas las conferencias del ciclo en tres volúmenes, cada una de ellas con port. y año propios. Esta publicación pertenece al t. 3º.
500 _aPrecede al tít.: Ateneo de Madrid.
610 2 4 _aAteneo de Madrid-
_vConferencias-
_yS.XIX.
_91910
610 2 4 _aAteneo de Madrid-
_vObras digitalizadas.
_91930
651 4 _aAmérica-
_xHistoria-
_yÉpoca prehistórica.
_9152032
651 4 _aAmérica-
_xRestos arqueológicos prehistóricos.
_9152033
740 3 2 _aEl continente americano.
852 _aES-MaACL
_jR-2605(4)
856 _uhttp://www.ateneodemadrid.com/biblioteca_digital/folletos/Folletos-0058.pdf
_zVer documento
999 _c82054
_d82054